Cualificación y selección en la enseñanza : orientación del trabajo pedagógico y conciencia social de los maestros (Record no. 65308)

MARC details
000 -CABECERA
campo de control de longitud fija 00686nam a2200253 a 4500
005 - FECHA Y HORA DE LA ÚLTIMA TRANSACCIÓN
campo de control 20210219152957.0
008 - ELEMENTOS DE LONGITUD FIJA--INFORMACIÓN GENERAL
campo de control de longitud fija 991125n 000 0 spa u
035 ## - NÚMERO DE CONTROL DEL SISTEMA
Número de control de sistema UPN01000070266
100 ## - ASIENTO PRINCIPAL--NOMBRE PERSONAL
Nombre de persona ENGELHARDT, Michael von
222 ## - TÍTULO CLAVE
Título clave EDUCACION
245 ## - MENCIÓN DE TÍTULO
Título Cualificación y selección en la enseñanza : orientación del trabajo pedagógico y conciencia social de los maestros
260 ## - PUBLICACIÓN, DISTRIBUCIÓN, ETC.
Lugar de publicación, distribución, etc. ALEMANIA
300 ## - DESCRIPCIÓN FÍSICA
Extensión 31-57
362 ## - FECHAS DE PUBLICACIÓN Y/O DESIGNACIÓN SECUENCIAL
Fecha de publicación y/o designación secuencial 1985 Vol. 32
653 0# - TERMINO DE INDIZACION - NO CONTROLADO
Término no controlado ALUMNOS
653 0# - TERMINO DE INDIZACION - NO CONTROLADO
Término no controlado COMPORTAMIENTO
653 0# - TERMINO DE INDIZACION - NO CONTROLADO
Término no controlado CURRICULUM
653 0# - TERMINO DE INDIZACION - NO CONTROLADO
Término no controlado ENSEÑANZA
653 0# - TERMINO DE INDIZACION - NO CONTROLADO
Término no controlado EVALUACION
653 0# - TERMINO DE INDIZACION - NO CONTROLADO
Término no controlado SOCIALISMO
653 0# - TERMINO DE INDIZACION - NO CONTROLADO
Término no controlado SOCIEDAD
904 ## - ELEMENTOS DE DATOS D LOCAL, LDD (RLIN)
a AC
b 008077
905 ## - TIPO DE MATERIAL
Tipo de material Articulo

No items available.